Największe Miasta na każdą literę w kujawsko-pomorskim - Statystyki

Ogólne statystyki
  • Ten quiz został rozwiązany 92 razy
  • Średni wynik to 12 z 19
Statystyki odpowiedzi
Litera Miasto % Poprawnych
B Bydgoszcz
96%
T Toruń
95%
G Grudziądz
86%
I Inowrocław
86%
W Włocławek
83%
A Aleksandrów Kujawski
80%
Ż Żnin
73%
N Nakło nad Notecią
72%
C Chełmno
70%
Ś Świecie
69%
R Rypin
58%
L Lipno
52%
M Mogilno
52%
K Koronowo
43%
S Solec Kujawski
42%
J Janikowo
36%
D Dobrzyń nad Wisłą
35%
Ł Łabiszyn
33%
P Pakość
33%
Nie znaleziono quizów pasujących do podanych kryteriów
Rozkład punktacji
Procent ludzi z każdym wynikiem
Percentyl według liczby udzielonych odpowiedzi
Twoja historia wyników
Nie rozwiązałeś tego quizu